000 00419nam a2200181Ia 4500
008 100917s9999 xx 000 0 und d
082 _b5675
100 _aदेसाई रणजित
245 _aकणव
260 _b---
_c1960
300 _a422
365 _b10
520 _aकादंबरी
630 _aकणव
650 _aकादंबरी
730 _aकणव
942 _cBOOK
999 _c611069
_d611066